| 000 | 00573nam a2200169 a 4500 | ||
|---|---|---|---|
| 008 | 120416s1964 ||||||||||||||||| || u | ||
| 050 | _aHM 131 Pug | ||
| 100 | _aPugh, Derek Solmon | ||
| 245 | 1 | 0 | _aWriters on organizations: an introduction |
| 260 |
_aLondon: _bHutchinson _c1964 |
||
| 300 | _axii, 98p. | ||
| 350 | _a0.00 | ||
| 650 | 0 | _aSOCIOLOGY | |
| 650 | _aORGANIZATIONAL SOCIOLOGY | ||
| 650 | _aINDUSTRIAL SOCIOLOGY | ||
| 995 |
_D0.00 _FCBU-MAIN LIBRARY (Kitwe) _H1 _I0.00 _M1 _UDAMAGED _ZMain Library Open Access Collection |
||
| 999 |
_c62220 _d62220 |
||